000 00338cam a22001575a 4500
001 L143974
002 9299
008 080610s xxk f 000 0 eng d
020 _a9780727734365
035 _a(Sirsi) u143974
041 0 _aeng
100 1 _aHowe,J
245 0 0 _aPlanning and Flooding
651 4 _aENGLAND AND WALES
942 _n0
999 _c108327
_d108327